Marco normativo de la Jurisdicción Especial para la Paz (JEP) (Registro nro. 9165)

Detalles MARC
000 -CABECERA
Longitud fija campo de control 02065nam a2200385 i 4500
003 - • IDENTIFICADOR DELl NÚMERO DE CONTROL
Identificador del número de control CO-BoRNBP
005 - • FECHA Y HORA DE LA ÚLTIMA TRANSACCIÓN
Fecha y hora de la última transacción 20220317002108.0
007 - • CAMPO FIJO DE DESCRIPCIÓN FÍSICA
Campo fijo de descripción física ta
008 - • CÓDIGOS DE INFORMACIÓN DE LONGITUD FIJA
Códigos de información de longitud fija 211118s2019 ck ||||| l|||f00| 0dspa d
020 ## - • NÚMERO INTERNACIONAL NORMALIZADO PARA LIBROS
Número Internacional Normalizado para Libros (ISBN) 9788413135243
040 ## - FUENTE DE LA CATALOGACIÓN
Centro catalogador de origen CO-BoRNBP
Lengua de catalogación spa
Normas de descripción rda
Centro transcriptor CO-BoRNBP
041 ## - • CÓDIGO DE LENGUA
Código de lengua del texto/banda sonora o título independiente spa
043 ## - CÓDIGO DE ÁREA GEOGRÁFICA
Código de área geográfica s-ck---
082 04 - • NÚMERO DE LA CLASIFICACIÓN DECIMAL DEWEY
Número de clasificación (R) 348.024
Número del ítem S15m
Número de edición 22
100 1# - • PUNTO DE ACCESO PRINCIPAL-NOMBRE DE PERSONA
Nombre de persona Sánchez Sánchez, Raúl Eduardo
Término indicativo de función autor
245 10 - • TITULO PROPIAMENTE DICHO
Título Marco normativo de la Jurisdicción Especial para la Paz (JEP)
Mención de responsabilidad, etc. [autor] y director Raúl Eduardo Sánchez Sánchez ; [autores] y editores Carlos Guillermo Castro Cuenca ... [y otros tres]
264 #1 - PRODUCCIÓN, PUBLICACIÓN , DISTRIBUCIÓN, FABRICACIÓN Y COPYRIGHT
Lugar de producción, publicación, distribución, fabricación Bogotá, Colombia
Nombre del productor, editor, distribuidor, fabricante Tirant Lo Blanch
Fecha de de producción, publicación, distribución, fabricación o copyright 2019
300 ## - • DESCRIPCIÓN FÍSICA
Extensión 596 páginas
Otras características físicas 17 cm
336 ## - TIPO DE CONTENIDO
Término de tipo de contenido texto
Código de tipo de contenido txt
Fuente rdacontent
337 ## - TIPO DE MEDIO
Nombre del tipo de medio sin mediación
Código del tipo de medio n
Fuente rdamedia
338 ## - TIPO DE SOPORTE
Nombre del tipo de soporte volumen
Código del tipo de soporte nc
Fuente rdacarrier
490 0# - • MENCIÓN DE SERIE
Mención de serie Textos legales Colombia
500 ## - • NOTA GENERAL
Nota general Incluye índice de citas
505 00 - • NOTA DE CONTENIDO CON FORMATO
Título (R ) Acuerdo Final Gobierno de Colombia FARC-EP
-- Actos legislativos 01 y 02 de 2017
-- Ley 1957. Estatutaria de la administración de justicia en la Jurisdicción Especial para la Paz
-- Ley 1820 de 2015
-- Ley 1922 de 2018
-- Decreto 1753 de 2016
-- Decreto 277 de 2017
-- Decreto 700 de 2017
-- Decreto 706 de 2017
-- Decreto 775 de 2017
-- Decreto 900 de 2017
-- Decreto 903 de 2017
-- Decreto 1252 de 2017
-- Decreto 1269 de 2017
-- Decreto 2199 de 2017
-- Decreto 522 de 2018
-- Acuerdo No. 001 de 2018 Reglamento General de la Jurisdicción Especial para la Paz
521 ## - • NOTA DE PÚBLICO DESTINATARIO
Nota público destinatario (R ) Recomendado para público adulto
545 ## - DATOS BIOGRÁFICOS O HISTÓRICOS
Datos bigr´ficos o históricos Incluye datos biográficos de los autores al inicio del texto
610 11 - • PUNTO DE ACCESO ADICIONAL DE MATERIA - NOMBRE DE ENTIDAD CORPORATIVA
Nombre de entidad corporativa o nombre de jurisdicción como elemento inicial Colombia
Unidad subordinada Jurisdicción Especial para la Paz
Subdivisió,n de materia general Legislación
650 17 - • PUNTO DE ACCESO ADICIONAL DE MATERIA - TÉRMINO DE MATERIA
Término de materia o nombre geográfico como elemento inicial Procesos de paz
Subdivisión de materia general Legislación
Subdivisión geográfica Colombia
Fuente del encabezamiento o término LEMB
650 17 - • PUNTO DE ACCESO ADICIONAL DE MATERIA - TÉRMINO DE MATERIA
Término de materia o nombre geográfico como elemento inicial Acuerdos de paz
Subdivisión de materia general Legislación
Subdivisión geográfica Colombia
Fuente del encabezamiento o término LEMB
700 1# - • PUNTO DE ACCESO ADICIONAL - NOMBRE DE PERSONA
Nombre de persona Castro Cuenca, Carlos Guillermo
Término indicativo de función autor
-- editor
700 1# - • PUNTO DE ACCESO ADICIONAL - NOMBRE DE PERSONA
Nombre de persona Fonseca Sánchez, Crlos
Término indicativo de función autor
-- editor
700 1# - • PUNTO DE ACCESO ADICIONAL - NOMBRE DE PERSONA
Nombre de persona Medina Rico, Ricardo Hernán
Término indicativo de función autor
-- editor
700 1# - • PUNTO DE ACCESO ADICIONAL - NOMBRE DE PERSONA
Nombre de persona Salazar Medina, William Javier
Término indicativo de función autor
-- editor
942 ## - ENTRADA DE ELEMENTOS AGREGADOS (KOHA)
Fuente de clasificaión o esquema Dewey Decimal Classification
Koha [por defecto] tipo de item LIbro
Existencias
Perdido Fuente de clasificación o esquema Estado Físico No para préstamo Localización permanente Localización actual Localización en estanterías Fecha adquisición Signatura completa Código de barras Fecha última consulta Número de copia Fecha del precio de reemplazo Tipo de item de Koha
  Dewey Decimal Classification     Biblioteca Pública Puerto Rico Biblioteca Pública Puerto Rico General 12/05/2022 303.6609861 O23b1 PR00000135 12/05/2022 Ej.1 12/05/2022 LIbro









Instituto Departamental de Cultura del Meta - Red Departamental de Bibliotecas Públicas del Meta.